000 01197nam a2200205Ia 4500
008 130821s2004 xxu gr eng
020 _a039306011X
_ccolección
040 _aCo-BoUCM
_bspa
041 0 0 _aeng
100 1 _aO'Brian, Patrick
_d1914-2000
_9139591
245 1 4 _aThe complete Aubrey / Maturin novels
_cPatrick O'Brian
260 _aNueva York (Estados Unidos)
_bW.W. Norton
_c2004
300 _a5 volúmenes
505 _gV.1.
_tLibros 1-4. Master and commander ; Post captain ; H.M.S. Surprise ; The Mauritius command. --
_gV.2.
_tLibros 5-8. Desolation Island ; The fortune of war ; The surgeon's mate ; The Ionian mission. --
_gV.3.
_tLibros 9-12. Treason's harbour ; The far side of the world ; The reverse of the medal ; The letter of marque. --
_gV.4.
_tLibros 13-16. The thirteen-gun salute ; The nutmeg of consolation ; The truelove ; The wine-dark sea. --
_gV.5.
_tLibros 17-21. The commodore ; The yellow admiral ; The hundred days ; Blue at the mizzen.
650 0 4 _aLiteratura europea
_926524
650 0 4 _aNovela de ciencia ficción
_920489
650 0 4 _aNovela histórica
_920514
942 _cLIBRO
_a18
_e1
_mO115c
_2DEWEY
_h823.914
_n0
999 _c66664
_d66664